[Event "La Zubia op"]
[Site "La Zubia"]
[Date "2023.12.09"]
[Round "6"]
[White "Cuesta Bustos, Raul"]
[Black "Sanchez Schneider, Manuel"]
[Result "0-1"]
[WhiteElo "1996"]
[BlackElo "1678"]
[PlyCount "74"]
[EventDate "2023.12.07"]
[EventType "swiss"]
[EventRounds "7"]
[EventCountry "ESP"]
[SourceTitle "CB50_2023"]
[SourceDate "2023.12.13"]
[SourceVersion "1"]
[SourceVersionDate "2023.12.13"]
[SourceQuality "1"]

1. e4 e6 2. d4 d5 3. e5 c5 4. c3 Nc6 5. Nf3 Qb6 6. a3 c4 7. Nbd2 f6 8. Be2 fxe5 9. Nxe5 Nf6 10. f4 Bd6 11. Nxc6 bxc6 12. 0-0 0-0 13. Rb1 Qc7 14. g3 c5 15. Nf3 Ne4 16. Be3 Bd7 17. Ne5 Bxe5 18. fxe5 Rxf1+ 19. Bxf1 Re8 20. Bg2 cxd4 21. Bxd4 Nc5 22. Bxc5 Qxc5+ 23. Qd4 Qxd4+ 24. cxd4 Rb8 25. Bh3 Rb3 26. Bg4 c3 27. Bd1 Rxb2 28. Rxb2 cxb2 29. Bc2 Be8 30. Bb1 Bg6 31. Ba2 b1Q+ 32. Bxb1 Bxb1 33. Kf2 Bd3 34. Ke3 Bc4 35. Kd2 Kf7 36. Kc3 a5 37. Kd2 Kg6 0-1

[Event "ESP-chT CECLUB Div2"]
[Site "Linares"]
[Date "2020.08.27"]
[Round "5.3"]
[White "Cuesta Bustos, Raul"]
[Black "Alvarez Serrano, Carlos"]
[Result "0-1"]
[WhiteElo "2087"]
[BlackElo "2206"]
[PlyCount "128"]
[EventDate "2020.08.24"]
[EventType "team-tourn"]
[EventRounds "6"]
[EventCountry "ESP"]
[SourceTitle "CBM 198 Extra"]
[Source "ChessBase"]
[SourceDate "2020.11.30"]
[SourceVersion "1"]
[SourceVersionDate "2020.11.30"]
[SourceQuality "1"]
[WhiteTeam "Nazari"]
[BlackTeam "Albacete Excalibur"]
[WhiteTeamCountry "ESP"]
[BlackTeamCountry "ESP"]

1. d4 d5 2. Nf3 Nf6 3. e3 e6 4. Bd3 Bd6 5. Nbd2 b6 6. b3 Bb7 7. Ne5 0-0 8. 0-0 Ne4 9. f3 Nc5 10. Be2 Ncd7 11. f4 f6 12. Nxd7 Nxd7 13. c4 Qe7 14. Bb2 e5 15. cxd5 exf4 16. e4 c6 17. dxc6 Bxc6 18. Bd3 Rad8 19. Nc4 b5 20. Nxd6 Qxd6 21. Qe2 Rfe8 22. Rad1 Bxe4 23. Bxe4 f5 24. Qxb5 fxe4 25. Qf5 e3 26. Qxf4 Qxf4 27. Rxf4 Nc5 28. Rf3 Re4 29. Bc1 e2 30. Re1 Rdxd4 31. Kf2 Nd3+ 32. Rxd3 Rxd3 33. Rxe2 Rxe2+ 34. Kxe2 Rd6 35. Be3 a6 36. b4 Kf7 37. a4 Rd5 38. Kf3 Rh5 39. Bf4 Ke6 40. Ke4 Rd5 41. h4 Rd1 42. Be3 Ra1 43. a5 Rb1 44. Bc5 Rb3 45. Kf4 Rc3 46. Bf8 Rc4+ 47. Kg5 Kf7 48. Bc5 h6+ 49. Kh5 Kf6 50. g3 Kf5 51. Bf8 Rg4 52. Bd6 Rg6 53. Bb8 Rc6 54. g4+ Kf6 55. g5+ hxg5 56. hxg5+ Kf5 57. Ba7 Rc1 58. Kh4 Rc4+ 59. Kg3 Rxb4 60. Be3 Rb3 61. Kf2 Rb2+ 62. Ke1 Ra2 63. Bd4 g6 64. Be5 Kxe5 0-1

[Event "Andalucia-chT Honor Oriental"]
[Site "Andalucia"]
[Date "2018.09.30"]
[Round "1.38"]
[White "Gimenez Menchon, Cesar"]
[Black "Cuesta Bustos, Raul"]
[Result "1-0"]
[WhiteElo "2216"]
[BlackElo "2116"]
[PlyCount "79"]
[EventDate "2018.09.30"]
[EventType "team-tourn"]
[EventRounds "7"]
[EventCountry "ESP"]
[SourceTitle "EXT 2020"]
[Source "ChessBase"]
[SourceDate "2019.10.17"]
[SourceVersion "1"]
[SourceVersionDate "2019.10.17"]
[SourceQuality "1"]
[WhiteTeam "Nazari"]
[BlackTeam "Caja Granada"]
[WhiteTeamCountry "ESP"]
[BlackTeamCountry "ESP"]

1. e4 e6 2. d4 d5 3. Nd2 Nf6 4. Bd3 c5 5. c3 Nc6 6. Ngf3 cxd4 7. cxd4 g6 8. 0-0 Bg7 9. Re1 0-0 10. e5 Nd7 11. Nf1 f6 12. exf6 Qxf6 13. Bg5 Qf7 14. Be3 e5 15. dxe5 Ndxe5 16. Be2 d4 17. Bg5 Qf5 18. N1d2 d3 19. Bf1 Nd4 20. Nxe5 Bxe5 21. Ne4 Ne6 22. Bh4 g5 23. Nxg5 Nxg5 24. Bxd3 Qf6 25. Qh5 Bf5 26. Bxg5 Qd6 27. Bc4+ Kh8 28. Rad1 Qc7 29. Bb3 Bg6 30. Qh4 Rae8 31. Ba4 Re6 32. Bd7 Bxh2+ 33. Qxh2 Qxd7 34. Qh6 Rxe1+ 35. Rxe1 Qg7 36. Re7 Qxh6 37. Bxh6 Rb8 38. Bf4 Rf8 39. Be5+ Kg8 40. Rg7+ 1-0

[Event "ESP-ch rapid"]
[Site "Linares"]
[Date "2018.08.19"]
[Round "5"]
[White "Vazquez Pino, Miguel Angel"]
[Black "Cuesta Bustos, Raul"]
[Result "1/2-1/2"]
[WhiteElo "1909"]
[BlackElo "2116"]
[PlyCount "129"]
[EventDate "2018.08.19"]
[EventType "swiss (rapid)"]
[EventRounds "9"]
[EventCountry "ESP"]
[SourceTitle "CBM 186 Extra"]
[Source "ChessBase"]
[SourceDate "2018.08.24"]
[SourceVersion "1"]
[SourceVersionDate "2018.08.24"]
[SourceQuality "1"]

1. e4 e6 2. d4 d5 3. Nd2 Nf6 4. e5 Nfd7 5. Bd3 c5 6. c3 Nc6 7. Ne2 cxd4 8. cxd4 f6 9. exf6 Nxf6 10. Nf3 Bd6 11. 0-0 Qc7 12. Bd2 0-0 13. Rc1 g6 14. Re1 Qg7 15. Nf4 Ne4 16. Bxe4 Bxf4 17. Bb1 Nxd4 18. Nxd4 Qxd4 19. Bc3 Qxd1 20. Rcxd1 Bd7 21. g3 Bd6 22. h4 Rf7 23. Bd4 b6 24. Kg2 Rc8 25. Rh1 e5 26. h5 exd4 27. hxg6 hxg6 28. Bxg6 Rg7 29. Bb1 Bc5 30. Rh4 Rf8 31. Rdh1 Kf7 32. a3 a5 33. Ba2 Bc6 34. Rh6 Ba8 35. b4 axb4 36. axb4 Bxb4 37. Rxb6 Bc3 38. Ra6 Kg8 39. Rxa8 Rxa8 40. Bxd5+ Kf8 41. Bxa8 d3 42. Be4 d2 43. Bf3 Re7 44. Rh5 Rd7 45. Bd1 Kg7 46. Rf5 Re7 47. Rf3 Ba5 48. Rd3 Re1 49. Bg4 Kf6 50. f4 Bb4 51. Bf3 Re6 52. g4 Rd6 53. Rxd6+ Bxd6 54. Kg3 Kg6 55. Bd1 Kf6 56. g5+ Kg7 57. Kg4 Bb4 58. f5 Bc3 59. Kh5 Bb2 60. Kg4 Bc3 61. Kf3 Bb4 62. Ke4 Be7 63. f6+ Bxf6 64. gxf6+ Kxf6 65. Kd3 1/2-1/2

[Event "ESP-chT 1st div South"]
[Site "Santa Cruz de Tenerife"]
[Date "2006.08.26"]
[Round "5"]
[White "Cuesta Bustos, Raul"]
[Black "San Segundo Carrillo, Pablo"]
[Result "0-1"]
[WhiteElo "2165"]
[BlackElo "2536"]
[PlyCount "130"]
[EventDate "2006.08.23"]
[EventType "team"]
[EventRounds "5"]
[EventCountry "ESP"]
[SourceTitle "CBM 113 Extra"]
[Source "ChessBase"]
[SourceDate "2006.09.14"]
[SourceVersion "1"]
[SourceVersionDate "2006.09.14"]
[SourceQuality "1"]

1. e4 c5 2. d4 cxd4 3. c3 Nf6 4. e5 Nd5 5. Nf3 e6 6. cxd4 d6 7. Bc4 Nb6 8. Bd3 Nc6 9. Qe2 Nb4 10. Bb5+ Bd7 11. 0-0 Be7 12. Nc3 0-0 13. a3 Bxb5 14. Qxb5 Nc6 15. Rd1 a6 16. Qe2 d5 17. Bf4 Nc4 18. b3 Nxa3 19. Bc1 Nb5 20. Nxb5 axb5 21. Rxa8 Qxa8 22. Qxb5 Qa6 23. Qd3 Qxd3 24. Rxd3 Ra8 25. Bb2 Ra2 26. Bc3 Bb4 27. Kf1 Bxc3 28. Rxc3 Rb2 29. Ke1 h6 30. g4 Kf8 31. Rd3 Ke8 32. Kf1 Kd8 33. Ke1 Nb4 34. Rc3 Na2 35. Re3 Nb4 36. Rc3 Kd7 37. Kf1 Na2 38. Re3 Nc1 39. b4 Rxb4 40. Ra3 Nb3 41. Ra8 Nxd4 42. Kg2 Nxf3 43. Kxf3 Re4 44. Rf8 Ke7 45. Rb8 Rxe5 46. Rxb7+ Kf6 47. Rd7 h5 48. h3 hxg4+ 49. hxg4 g5 50. Kg3 Re4 51. f3 Rf4 52. Kf2 Ke5 53. Ke2 f6 54. Rd8 Ra4 55. Ke3 Ra3+ 56. Ke2 Kf4 57. Rf8 f5 58. gxf5 exf5 59. Rd8 Re3+ 60. Kd2 Rxf3 61. Rxd5 Ke4 62. Ra5 Rf2+ 63. Ke1 Rb2 64. Ra4+ Kf3 65. Ra3+ Kg4 0-1

[Event "Andalucia-ch"]
[Site "Torremolinos"]
[Date "2003.05.25"]
[Round "8.3"]
[White "Fernandez Romero, Ernesto"]
[Black "Cuesta Bustos, Raul"]
[Result "1-0"]
[WhiteElo "2343"]
[BlackElo "2145"]
[PlyCount "51"]
[EventDate "2003.05.24"]
[EventType "swiss"]
[EventRounds "8"]
[EventCountry "ESP"]
[SourceTitle "EXT 2004"]
[Source "ChessBase"]
[SourceDate "2003.11.25"]
[SourceVersion "1"]
[SourceVersionDate "2003.11.25"]
[SourceQuality "1"]

1. e4 e5 2. Nf3 Nc6 3. Nc3 Nf6 4. d4 exd4 5. Nxd4 d6 6. Bb5 Bd7 7. 0-0 Nxd4 8. Bxd7+ Qxd7 9. Qxd4 Be7 10. b3 0-0 11. Bb2 c6 12. Rad1 Qc7 13. Ne2 Qb6 14. Qd3 Rad8 15. Ng3 g6 16. Qf3 Nd7 17. Nf5 Bf6 18. Bxf6 Nxf6 19. Nxd6 Nd7 20. Qg3 Nc5 21. Qe3 Rd7 22. Nc4 Qb5 23. Rxd7 Nxd7 24. Qxa7 Nc5 25. a4 Qb4 26. c3 1-0

[Event "Mancha Real op 3rd"]
[Site "Mancha Real"]
[Date "2000.07.25"]
[Round "7"]
[White "Cuesta Bustos, Raul"]
[Black "Minzer, Claudio Javier"]
[Result "0-1"]
[WhiteElo "2137"]
[BlackElo "2400"]
[PlyCount "168"]
[EventDate "2000.07.17"]
[EventType "swiss"]
[EventRounds "9"]
[EventCountry "ESP"]
[SourceTitle "EXT 2001"]
[Source "ChessBase"]
[SourceDate "2000.11.22"]
[SourceVersion "1"]
[SourceVersionDate "2000.11.22"]
[SourceQuality "1"]

1. e4 e6 2. d4 d5 3. e5 c5 4. c3 Nc6 5. Nf3 Bd7 6. a3 Nge7 7. b4 cxd4 8. cxd4 Rc8 9. Bb2 Qb6 10. Nc3 Na5 11. Na4 Bxa4 12. Qxa4+ Nac6 13. Rc1 f6 14. Bd3 Kf7 15. 0-0 a6 16. Rfe1 Ng6 17. g3 Be7 18. h4 f5 19. Qb3 Rhd8 20. Ba1 Kg8 21. Qb1 Nf8 22. Kh2 Na7 23. Bc3 Rc6 24. Qb2 Rdc8 25. Bd2 Rxc1 26. Rxc1 Rxc1 27. Qxc1 Qc6 28. Qxc6 Nxc6 29. Bc3 Nd7 30. Nd2 b5 31. f4 Nb6 32. Kh3 g6 33. Kh2 Kf7 34. Kg1 Ke8 35. Kf2 Kd7 36. Kf3 Bf8 37. Kf2 Kc7 38. Ke2 Nc4 39. Bxc4 dxc4 40. Nf3 Kd7 41. Ne1 Ne7 42. Nc2 Nd5 43. Be1 Be7 44. Bd2 Kc6 45. Be1 Bd8 46. Bd2 Bb6 47. Be1 Ne7 48. Bc3 Nd5 49. Be1 Kd7 50. Bd2 Ke8 51. Be1 Kf7 52. Bd2 Bd8 53. Be1 Kg7 54. Bd2 Be7 55. Be1 Kh6 56. Kf3 Bd8 57. Bd2 Kh5 58. Be1 Bb6 59. Bd2 h6 60. Be1 Bd8 61. Bd2 Be7 62. Be1 g5 63. hxg5 hxg5 64. Bd2 gxf4 65. gxf4 Kg6 66. Be1 Kf7 67. Kg3 Ke8 68. Kf3 Kd7 69. Kg3 Ke8 70. Kf3 Kd7 71. Kg3 Kc6 72. Kf3 Bd8 73. Kg3 Bc7 74. Kf3 Bb6 75. Bd2 c3 76. Be1 a5 77. Bf2 axb4 78. axb4 Bd8 79. Be1 Be7 80. Kg3 Bf8 81. Kf3 Nxb4 82. Ne3 Nd5 83. Nxd5 Kxd5 84. Bxc3 Ba3 0-1

[Event "Mancha Real op 3rd"]
[Site "Mancha Real"]
[Date "2000.07.18"]
[Round "2"]
[White "Castillo Gallego, Sergio"]
[Black "Cuesta Bustos, Raul"]
[Result "1-0"]
[WhiteElo "2285"]
[BlackElo "2137"]
[PlyCount "87"]
[EventDate "2000.07.17"]
[EventType "swiss"]
[EventRounds "9"]
[EventCountry "ESP"]
[SourceTitle "EXT 2001"]
[Source "ChessBase"]
[SourceDate "2000.11.22"]
[SourceVersion "1"]
[SourceVersionDate "2000.11.22"]
[SourceQuality "1"]

1. d4 e6 2. g3 f5 3. Bg2 Nf6 4. Nf3 Be7 5. 0-0 0-0 6. c4 d6 7. Nc3 Nbd7 8. Ng5 Nb6 9. Qb3 d5 10. c5 Nc4 11. Qc2 Na5 12. Nf3 Nc6 13. Rb1 Ne4 14. b4 a6 15. a4 b5 16. axb5 Nxc3 17. Qxc3 axb5 18. Bd2 Bd7 19. Ra1 Bf6 20. Bf4 Rxa1 21. Rxa1 g5 22. Be5 g4 23. Bxf6 Rxf6 24. Ne5 Qe8 25. Qe3 h6 26. Nd3 Kh7 27. Qf4 Qb8 28. Ne5 Nxe5 29. Qxe5 Kg6 30. h4 Rf8 31. c6 Bxc6 32. Qxe6+ Rf6 33. h5+ Kg7 34. Qe7+ Rf7 35. Qe5+ Kh7 36. Qe6 Qe8 37. Bxd5 Qxe6 38. Bxe6 Rf6 39. d5 Be8 40. Ra7 Bxh5 41. d6 Rxe6 42. dxc7 Re7 43. c8Q Rxa7 44. Qxf5+ 1-0

[Event "Alicante op 4th"]
[Site "Alicante"]
[Date "2000.??.??"]
[Round "8"]
[White "Madina Yadarola, Martin"]
[Black "Cuesta Bustos, Raul"]
[Result "1-0"]
[WhiteElo "2267"]
[BlackElo "2137"]
[PlyCount "87"]
[EventDate "2000.10.22"]
[EventType "swiss"]
[EventRounds "9"]
[EventCountry "ESP"]
[SourceTitle "EXT 2002"]
[Source "ChessBase"]
[SourceDate "2001.11.25"]
[SourceVersion "1"]
[SourceVersionDate "2001.11.25"]
[SourceQuality "1"]

1. e4 e5 2. Nf3 Nc6 3. Bb5 a6 4. Ba4 Nf6 5. Bxc6 dxc6 6. d3 Bg4 7. h3 Bxf3 8. Qxf3 h6 9. Be3 Qd7 10. Nd2 b5 11. 0-0 Bd6 12. a4 Qe7 13. Ra2 b4 14. Nc4 0-0 15. Raa1 Nh7 16. Qg3 Kh8 17. f4 exf4 18. Bxf4 Bc5+ 19. Kh1 Rac8 20. Rad1 Bd4 21. Be5 Bxe5 22. Qxe5 Rce8 23. Qa5 g5 24. Ne3 h5 25. Nf5 Qe5 26. Qxb4 Rb8 27. Qc3 Qxc3 28. bxc3 Rb2 29. Ne3 Kg8 30. Rf5 Ra2 31. Ra5 Ra8 32. Rb1 g4 33. hxg4 hxg4 34. Kh2 Kg7 35. Kg3 Nf6 36. Rf1 Nd7 37. Rg5+ Kf8 38. a5 c5 39. Kxg4 f6 40. Rh5 Kg7 41. Nf5+ Kf7 42. Rh7+ Ke8 43. Re7+ Kd8 44. Rh1 1-0

[Event "Alicante op 4th"]
[Site "Alicante"]
[Date "2000.??.??"]
[Round "3"]
[White "Rodriguez Lopez, Rafael"]
[Black "Cuesta Bustos, Raul"]
[Result "0-1"]
[WhiteElo "2332"]
[BlackElo "2137"]
[PlyCount "80"]
[EventDate "2000.10.22"]
[EventType "swiss"]
[EventRounds "9"]
[EventCountry "ESP"]
[SourceTitle "EXT 2002"]
[Source "ChessBase"]
[SourceDate "2001.11.25"]
[SourceVersion "1"]
[SourceVersionDate "2001.11.25"]
[SourceQuality "1"]

1. c4 Nf6 2. Nf3 d6 3. d4 g6 4. Nc3 Bg7 5. h3 Nbd7 6. Bf4 c5 7. d5 Nh5 8. Bd2 a6 9. e3 0-0 10. Be2 Nhf6 11. Qc2 e5 12. e4 Ne8 13. g4 Nc7 14. a4 Rb8 15. Bg5 Qe8 16. Nd2 Nf6 17. f3 Bd7 18. a5 b6 19. axb6 Rxb6 20. 0-0 Qb8 21. Rfb1 Qb7 22. Bd1 Rb8 23. Qd3 Qc8 24. Ra3 R8b7 25. Nb3 h5 26. Na5 Rb8 27. Qe2 Nh7 28. Bc1 f5 29. Ba4 fxg4 30. fxg4 hxg4 31. Bxd7 Qxd7 32. Qxg4 Qf7 33. Nc6 Rf8 34. Be3 Nf6 35. Qh4 Nh5 36. Na4 Rb7 37. Nd8 Qf3 38. Bxc5 Rb3 39. Bf2 Nf4 40. Rxb3 Qg2# 0-1